[Event "PRO League Group Stage"]
[Site "chess.com INT"]
[Date "2019.02.07"]
[Round "5"]
[White "Smith, Daniel"]
[Black "Wang, Tianqi"]
[Result "0-1"]
[WhiteElo "2047"]
[BlackElo "2329"]
[WhiteTeam "Montclair Sopranos"]
[BlackTeam "Miami Champions"]
[WhiteFideId "2024195"]
[BlackFideId "2063824"]
[EventDate "2019.01.08"]

1. e4 d6 2. d4 Nf6 3. Nc3 e6 4. Bg5 Be7 5. Nf3 O-O 6. Qd2 h6 7. Bh4 Nxe4 8. Nxe4
Bxh4 9. g3 Be7 10. h4 f5 11. Nc3 Nd7 12. O-O-O Nf6 13. Bc4 Ne4 0-1

[Event "PRO League Group Stage"]
[Site "chess.com INT"]
[Date "2019.02.07"]
[Round "5"]
[White "Noritsyn, Nikolay"]
[Black "Robson, Ray"]
[Result "1-0"]
[WhiteTitle "IM"]
[BlackTitle "GM"]
[WhiteElo "2484"]
[BlackElo "2667"]
[WhiteTeam "Montreal Chessbrahs"]
[BlackTeam "Webster Windmills"]
[WhiteFideId "2604922"]
[BlackFideId "2023970"]
[EventDate "2019.01.08"]

1. d4 d5 2. c4 c6 3. Nf3 Nf6 4. e3 Bf5 5. Nc3 e6 6. Nh4 Be4 7. f3 Bg6 8. Qb3 Qc7
9. Bd2 Be7 10. Rc1 Ne4 11. Nxe4 Bxh4+ 12. Nf2 dxc4 13. Bxc4 O-O 14. O-O Rd8 15.
Nd3 Nd7 16. Nf4 Nb6 17. Ba5 Bf5 18. Rfd1 Bg5 19. g3 h6 20. Bf1 e5 21. dxe5 Qxe5
22. Qc3 Qe7 23. e4 Bf6 24. Qb4 Qc5+ 25. Qxc5 1-0

[Event "PRO League Group Stage"]
[Site "chess.com INT"]
[Date "2019.02.07"]
[Round "5"]
[White "Saric, Ivan"]
[Black "Durarbayli, Vasif"]
[Result "1/2-1/2"]
[WhiteTitle "GM"]
[BlackTitle "GM"]
[WhiteElo "2690"]
[BlackElo "2620"]
[WhiteTeam "Montreal Chessbrahs"]
[BlackTeam "Webster Windmills"]
[WhiteFideId "14508150"]
[BlackFideId "13402935"]
[EventDate "2019.01.08"]

1. e4 e5 2. Nf3 Nc6 3. Bb5 a6 4. Ba4 Nge7 5. O-O Ng6 6. d4 exd4 7. Bb3 Be7 8.
Nxd4 Nxd4 9. Qxd4 O-O 10. Nc3 b5 11. Nd5 c5 12. Nxe7+ Qxe7 13. Qd5 Rb8 14. Bg5
Qe5 15. f4 Qxd5 16. Bxd5 Bb7 17. f5 Bxd5 18. exd5 Ne5 19. Be7 Rfe8 20. Bxc5 Rbc8
21. b4 Nc4 22. Rfe1 f6 23. c3 Kf7 24. Rxe8 Rxe8 25. a4 Re5 26. axb5 axb5 27. g4
Rxd5 28. Bd4 h5 29. h3 hxg4 30. hxg4 Ne5 31. Bxe5 fxe5 32. Kf2 Rd3 33. Ra5 Rxc3
34. Rxb5 Rc4 35. Kg3 Kf6 36. Rb6+ Ke7 37. b5 Rb4 38. Rg6 Kf7 39. b6 Rb3+ 40. Kh4
e4 41. Rd6 Ke7 42. Rd4 e3 43. Kg5 Rxb6 44. Re4+ Kf7 45. Rxe3 g6 46. Rd3 gxf5 47.
gxf5 d5 48. Rxd5 Ra6 49. Rd8 Rb6 50. Ra8 Rc6 51. Ra7+ Kf8 52. Rh7 Ra6 53. Rh6
Rxh6 54. Kxh6 Kf7 55. Kg5 Kg7 56. f6+ Kf7 57. Kf5 Kf8 58. Kg6 Kg8 59. f7+ Kf8
60. Kf6 1/2-1/2

[Event "PRO League Group Stage"]
[Site "chess.com INT"]
[Date "2019.02.07"]
[Round "5"]
[White "Shimanov, Aleksandr"]
[Black "Sai, Krishna G V"]
[Result "1-0"]
[WhiteTitle "GM"]
[BlackTitle "IM"]
[WhiteElo "2610"]
[BlackElo "2409"]
[WhiteTeam "Webster Windmills"]
[BlackTeam "Montreal Chessbrahs"]
[WhiteFideId "4198603"]
[BlackFideId "5028280"]
[EventDate "2019.01.08"]

1. c4 Nf6 2. g3 g6 3. Bg2 Bg7 4. Nf3 O-O 5. O-O d6 6. Nc3 Nc6 7. Rb1 a5 8. a3 e5
9. d3 h6 10. b4 axb4 11. axb4 Be6 12. b5 Ne7 13. Bd2 Qd7 14. Re1 Bh3 15. Bh1 Nh5
16. Nd5 f5 17. Nh4 Kh7 18. Nxe7 Qxe7 19. Bxb7 Ra2 20. Bf3 Nf4 21. Bxf4 exf4 22.
Ng2 Bc3 23. Qb3 Bxe1 24. Qxa2 Bxg2 25. Kxg2 Bc3 26. b6 fxg3 27. hxg3 cxb6 28.
Rxb6 Rc8 29. Qa3 Be5 30. e3 Qd8 31. Ra6 Qc7 32. Ra7 1-0

[Event "PRO League Group Stage"]
[Site "chess.com INT"]
[Date "2019.02.07"]
[Round "5"]
[White "Grabinsky, Joshua"]
[Black "Thavandiran, Shiyam"]
[Result "1-0"]
[WhiteTitle "CM"]
[BlackTitle "IM"]
[WhiteElo "2078"]
[BlackElo "2410"]
[WhiteTeam "Webster Windmills"]
[BlackTeam "Montreal Chessbrahs"]
[WhiteFideId "30919754"]
[BlackFideId "2605058"]
[EventDate "2019.01.08"]

1. e4 c6 2. d4 d5 3. Nd2 dxe4 4. Nxe4 Nf6 5. Nxf6+ exf6 6. Nf3 Bd6 7. Be2 O-O 8.
O-O Re8 9. Be3 Nd7 10. c4 Nf8 11. Qc2 Bg4 12. Rfe1 Bc7 13. Nd2 Qd7 14. Bxg4 Qxg4
15. h3 Qd7 16. Nf3 Rad8 17. Rad1 b6 18. d5 c5 19. a3 g5 20. Nd2 Ng6 21. b4 cxb4
22. axb4 Qd6 23. Nf1 Qxb4 24. Qf5 Be5 25. Bd4 Qxc4 26. Bxe5 fxe5 27. Qxg5 Qf4
28. Qh5 Qh4 29. Qf3 e4 30. Qc3 Qg5 31. d6 Qe5 32. Qa3 Qc5 33. Qxc5 bxc5 34. Ng3
Re6 35. d7 Ne5 36. Rxe4 Rxd7 37. Rde1 Nd3 38. Rxe6 fxe6 39. Rxe6 Rc7 40. Ne4 c4
41. Nc3 Kg7 42. Ra6 Kf7 43. Kf1 Rb7 44. Ke2 Rb2+ 45. Ke3 Rxf2 46. Rxa7+ Kg6 47.
g4 Rh2 48. Ra6+ Kg7 49. Kd4 Rxh3 50. Ne4 Nf4 51. Kxc4 Ng6 52. Ra7+ Kf8 53. Kd5
Rf3 54. Rxh7 Kg8 55. Ra7 Nf4+ 56. Ke5 Ng6+ 57. Ke6 Nf8+ 58. Kd5 Ng6 59. g5 Rf5+
60. Kd6 Kf8 61. Nc5 Nf4 62. Nd7+ Kg7 63. Ne5+ Kg8 64. Ng4 Nh3 65. Nh6+ 1-0

[Event "PRO League Group Stage"]
[Site "chess.com INT"]
[Date "2019.02.07"]
[Round "5"]
[White "Smith, Daniel"]
[Black "Wang, Tianqi"]
[Result "0-1"]
[WhiteElo "2047"]
[BlackElo "2329"]
[WhiteTeam "Montclair Sopranos"]
[BlackTeam "Miami Champions"]
[WhiteFideId "2024195"]
[BlackFideId "2063824"]
[EventDate "2019.01.08"]

1. e4 d6 2. d4 a6 3. f4 Nf6 4. Nc3 e6 5. a4 Be7 6. Nf3 O-O 7. Bd3 c5 8. dxc5
dxc5 9. e5 Nd5 10. Bd2 Nc6 11. O-O Qb6 12. a5 Qd8 13. Ne4 Ndb4 14. Bxb4 Nxb4 15.
Qe2 Bd7 16. Bc4 Bc6 17. Rfd1 Qc7 18. Bb3 Rad8 19. c3 Rxd1+ 20. Bxd1 Nd5 21. g3
Rd8 22. Bc2 g6 23. Nfd2 Kg7 24. Nc4 Bb5 25. Bd3 Qc6 26. Ncd6 Bxd3 27. Qxd3 f5
28. Ng5 Nc7 29. Rd1 h6 30. Nf3 Nb5 31. Qe3 Nxd6 32. exd6 Rxd6 33. Qe5+ Kf7 34.
Rf1 Bf6 35. Qe3 Qd5 36. Ne5+ Kg7 37. Rf2 Bxe5 38. fxe5 Rd7 39. h4 c4 40. Kh2 g5
41. hxg5 Kg6 42. g4 hxg5 43. Rg2 f4 44. Qf2 Rh7+ 45. Kg1 Qd1+ 46. Qf1 Rh1+ 0-1

[Event "PRO League Group Stage"]
[Site "chess.com INT"]
[Date "2019.02.07"]
[Round "5"]
[White "Caruana, Fabiano"]
[Black "Moranda, Wojciech"]
[Result "0-1"]
[WhiteTitle "GM"]
[BlackTitle "GM"]
[WhiteElo "2828"]
[BlackElo "2593"]
[WhiteTeam "Saint Louis Arch Bishops"]
[BlackTeam "New York Marshalls"]
[WhiteFideId "2020009"]
[BlackFideId "1122401"]
[EventDate "2019.01.08"]

1. e4 c5 2. Nf3 d6 3. d4 cxd4 4. Nxd4 Nf6 5. Nc3 g6 6. Be3 Bg7 7. f3 O-O 8. Qd2
Nc6 9. O-O-O d5 10. exd5 Nxd5 11. Nxc6 bxc6 12. Bd4 Nxc3 13. Qxc3 Bh6+ 14. Be3
Bxe3+ 15. Qxe3 Qb6 16. Qxe7 Be6 17. Qa3 Rad8 18. Bd3 Rd5 19. b3 Rfd8 20. Rhe1 a5
21. Qb2 Qc5 22. Kb1 Rd4 23. Qc1 a4 24. Be4 f5 25. Rxd4 Rxd4 26. Bd3 axb3 27.
cxb3 Qxc1+ 28. Kxc1 Bxb3 29. Bb1 Bf7 30. Re7 Ra4 31. Re2 Kg7 32. Kb2 Rb4+ 33.
Kc2 Rc4+ 34. Kd3 Ra4 35. Rb2 Kf6 36. Kc3 Rc4+ 37. Kb3 c5 38. a4 Rc1+ 39. Ka3
Rc3+ 40. Rb3 Rxb3+ 0-1

[Event "PRO League Group Stage"]
[Site "chess.com INT"]
[Date "2019.02.07"]
[Round "5"]
[White "So, Wesley"]
[Black "Azarov, Sergei"]
[Result "1/2-1/2"]
[WhiteTitle "GM"]
[BlackTitle "GM"]
[WhiteElo "2765"]
[BlackElo "2575"]
[WhiteTeam "Saint Louis Arch Bishops"]
[BlackTeam "New York Marshalls"]
[WhiteFideId "5202213"]
[BlackFideId "13501470"]
[EventDate "2019.01.08"]

1. e4 e5 2. Nf3 Nc6 3. Bb5 a6 4. Ba4 Nf6 5. O-O Be7 6. d3 b5 7. Bb3 d6 8. a4 Bd7
9. c3 O-O 10. Bc2 b4 11. Nbd2 Rb8 12. Re1 h6 13. d4 bxc3 14. bxc3 exd4 15. cxd4
Bg4 16. h3 Bh5 17. d5 Nb4 18. Bb1 Nd7 19. g4 Bg6 20. Nd4 Bf6 21. N2f3 Re8 22.
Bd2 Ne5 23. Nxe5 Bxe5 24. Be3 Qf6 25. Qd2 Nxd5 26. exd5 Bxd4 27. Bxd4 Rxe1+ 28.
Qxe1 Qxd4 29. Bxg6 fxg6 30. Rc1 Qxd5 31. Rxc7 Kh7 32. Qa1 Rg8 33. Re7 Qf3 34.
Re3 Qf7 35. Qd4 Rf8 36. Rd3 a5 37. Rc3 Qf4 38. Qxf4 Rxf4 39. Rd3 Rxa4 40. Rxd6
Rb4 41. Ra6 a4 42. Kg2 g5 43. f3 Kg8 44. Ra7 Kh7 45. Ra6 Rc4 46. Kg3 Rb4 47. Kg2 1/2-1/2

[Event "PRO League Group Stage"]
[Site "chess.com INT"]
[Date "2019.02.07"]
[Round "5"]
[White "Khamrakulov, Djurabek"]
[Black "Niemann, Hans"]
[Result "1/2-1/2"]
[WhiteTitle "GM"]
[BlackTitle "IM"]
[WhiteElo "2503"]
[BlackElo "2466"]
[WhiteTeam "New York Marshalls"]
[BlackTeam "Saint Louis Arch Bishops"]
[WhiteFideId "14201143"]
[BlackFideId "2093596"]
[EventDate "2019.01.08"]

1. e4 e6 2. d4 d5 3. Nd2 c5 4. exd5 Qxd5 5. dxc5 Bxc5 6. Ngf3 Nf6 7. Bc4 Qh5 8.
Qe2 Qg6 9. O-O Nc6 10. Bd3 Qh5 11. Ne4 Nxe4 12. Qxe4 Bd7 13. Bf4 f6 14. Rfe1
O-O-O 15. Qc4 Qd5 16. Qxd5 exd5 17. c3 g5 18. Be3 Bxe3 19. Rxe3 h5 20. Rae1 a6
21. Nd4 Nxd4 22. cxd4 Kc7 23. f4 g4 24. Re7 Kd6 25. Rf7 Rhf8 26. Rh7 Rh8 27.
Ree7 Rxh7 28. Rxh7 Rc8 29. Rxd7+ Kxd7 30. Bf5+ Kd8 31. Bxc8 Kxc8 32. Kf2 Kd7 33.
f5 Kc6 34. a4 b5 35. b3 bxa4 36. bxa4 Kb6 37. Kg3 Ka5 38. Kh4 Kxa4 39. Kxh5 Kb3
40. Kg6 a5 41. Kxf6 a4 42. Ke5 a3 43. f6 a2 44. f7 a1=Q 45. f8=Q Qg1 46. Qb8+
Ka2 47. Qa8+ Kb2 48. Qb7+ Ka3 49. Qa6+ Kb3 50. Qd3+ Kb4 51. Qd2+ Kb3 52. Kxd5
Qxh2 53. Qd1+ Kb4 54. Qxg4 Qc7 55. Ke4 Qc2+ 56. Ke5 Qc7+ 57. Ke4 Qc2+ 58. Kf4
Qd2+ 59. Ke5 Qe3+ 60. Kd5 Qb3+ 61. Kd6 Qc4 62. Qe4 Kc3 63. Qc6 Qxc6+ 64. Kxc6
Kxd4 65. Kd6 Ke4 1/2-1/2

[Event "PRO League Group Stage"]
[Site "chess.com INT"]
[Date "2019.02.07"]
[Round "5"]
[White "Xu, Grant"]
[Black "Rosenthal, Nicholas"]
[Result "1-0"]
[WhiteElo "2207"]
[BlackElo "2180"]
[WhiteTeam "New York Marshalls"]
[BlackTeam "Saint Louis Arch Bishops"]
[WhiteFideId "2052318"]
[BlackFideId "2045150"]
[EventDate "2019.01.08"]

1. e4 e6 2. b3 d5 3. Bb2 dxe4 4. Nc3 Nf6 5. Qe2 Bd7 6. Nxe4 Nxe4 7. Qxe4 Bc6 8.
Qe3 Nd7 9. Nf3 Bc5 10. d4 Bd6 11. Bd3 Qe7 12. O-O O-O-O 13. c4 Qf8 14. c5 Be7
15. b4 g5 16. d5 Bxd5 17. Bxh8 Qxh8 18. Be4 Bf6 19. Rac1 g4 20. Bxd5 exd5 21. c6
bxc6 22. Qxa7 Nb8 23. b5 gxf3 24. bxc6 Nxc6 25. Rxc6 Be5 26. Rfc1 Kd7 27. Rxc7+
Ke6 28. Re7+ Kf5 29. Rxf7+ Bf6 30. Rc6 Rc8 31. Qd7+ Kg5 32. Rxc8 Bd8 33. Qf5+
Kh6 34. Rc6+ 1-0

[Event "PRO League Group Stage"]
[Site "chess.com INT"]
[Date "2019.02.07"]
[Round "5"]
[White "Robson, Ray"]
[Black "Saric, Ivan"]
[Result "0-1"]
[WhiteTitle "GM"]
[BlackTitle "GM"]
[WhiteElo "2667"]
[BlackElo "2690"]
[WhiteTeam "Webster Windmills"]
[BlackTeam "Montreal Chessbrahs"]
[WhiteFideId "2023970"]
[BlackFideId "14508150"]
[EventDate "2019.01.08"]

1. e4 c5 2. Nf3 d6 3. d4 cxd4 4. Nxd4 Nf6 5. Nc3 a6 6. Be3 Ng4 7. Bc1 Nf6 8. f3
e5 9. Nb3 Be6 10. Be3 h5 11. Qd2 Nbd7 12. Nd5 Bxd5 13. exd5 g6 14. O-O-O Bg7 15.
Kb1 Qc7 16. Be2 a5 17. a4 O-O 18. g4 Rfc8 19. Bb5 hxg4 20. fxg4 Nxg4 21. c3 Ndf6
22. Qe2 Nxe3 23. Qxe3 e4 24. h4 Qe7 25. Rhe1 Qe5 26. Qg5 Qxg5 27. hxg5 Nh7 28.
Rg1 Rc7 29. Rde1 Re7 30. Nd2 Re5 31. Nxe4 Rd8 32. c4 b6 33. Bc6 Rf5 34. Ref1 Be5
35. Rxf5 gxf5 36. Nd2 Nf8 37. Rf1 f4 38. Kc2 Kg7 39. Nf3 Ng6 40. Rh1 Rc8 41. b3
Rc7 42. Rg1 Re7 43. Re1 f6 44. gxf6+ Kxf6 45. Rh1 Rg7 46. Nd2 Kf5 47. Rh5+ Kg4
48. Rh1 f3 49. Kd3 Nh4 50. Rg1+ Bg3 51. Ne4 Ng2 52. Be8 Re7 53. Bg6 Kf4 54. Rf1
Ne3 55. Rh1 f2 56. Nd2 Ng4 57. Be4 Nf6 58. Bg2 Re1 59. Rh6 Kf5 60. Nf1 Bf4 61.
Rh3 Ng4 62. Rh5+ Kg6 63. Rh8 Ne3 64. Nxe3 Rxe3+ 65. Kc2 Re1 66. Rf8 Kg5 67. Rg8+
Kf5 68. Bh3+ Ke5 69. Rf8 f1=Q 70. Bxf1 Rxf1 71. Re8+ Kd4 72. Rb8 Rf2+ 73. Kd1
Kd3 74. Ke1 Be3 75. Rxb6 Bxb6 0-1

[Event "PRO League Group Stage"]
[Site "chess.com INT"]
[Date "2019.02.07"]
[Round "5"]
[White "Durarbayli, Vasif"]
[Black "Noritsyn, Nikolay"]
[Result "1-0"]
[WhiteTitle "GM"]
[BlackTitle "IM"]
[WhiteElo "2620"]
[BlackElo "2484"]
[WhiteTeam "Webster Windmills"]
[BlackTeam "Montreal Chessbrahs"]
[WhiteFideId "13402935"]
[BlackFideId "2604922"]
[EventDate "2019.01.08"]

1. d4 f5 2. Nf3 e6 3. c4 Nf6 4. Nc3 Bb4 5. Qb3 c5 6. d5 O-O 7. Bd2 d6 8. dxe6
Nc6 9. a3 Ba5 10. e3 Ne4 11. Bd3 Nxd2 12. Nxd2 Ne5 13. Be2 Bxe6 14. f4 Ng4 15.
Bxg4 Qh4+ 16. g3 Qxg4 17. Kf2 Rab8 18. h3 Qh5 19. Qd1 Qf7 20. Rc1 Rfd8 21. Qe2
a6 22. a4 h6 23. Rhd1 Bd7 24. b3 Bc6 25. Nd5 Bxd5 26. cxd5 b5 27. axb5 axb5 28.
Nf3 Re8 29. Nh4 Re4 30. g4 fxg4 31. Qxg4 Qf6 32. Nf5 Rf8 33. Rg1 Rf7 34. Kf3 Re8
35. e4 Kh7 36. Qh5 Bd2 37. Rcf1 c4 38. bxc4 bxc4 39. Rg4 Ref8 40. Ke2 Qb2 41.
Rxg7+ Rxg7 42. Qxh6+ Kg8 43. Qxg7+ Qxg7 44. Nxg7 Bb4 45. Ne6 Ra8 46. Rg1+ Kh8
47. f5 Ra2+ 48. Ke3 Ra3+ 49. Kd4 c3 50. Kc4 Ba5 51. f6 c2 52. f7 Rc3+ 53. Kb5
Rc8 54. Kxa5 1-0

[Event "PRO League Group Stage"]
[Site "chess.com INT"]
[Date "2019.02.07"]
[Round "5"]
[White "Thavandiran, Shiyam"]
[Black "Shimanov, Aleksandr"]
[Result "0-1"]
[WhiteTitle "IM"]
[BlackTitle "GM"]
[WhiteElo "2410"]
[BlackElo "2610"]
[WhiteTeam "Montreal Chessbrahs"]
[BlackTeam "Webster Windmills"]
[WhiteFideId "2605058"]
[BlackFideId "4198603"]
[EventDate "2019.01.08"]

1. e4 Nf6 2. e5 Nd5 3. d4 d6 4. c4 Nb6 5. exd6 exd6 6. Nc3 Be7 7. Bd3 Bf6 8.
Nge2 Nc6 9. Be3 O-O 10. b3 Bg4 11. O-O Re8 12. Qd2 d5 13. c5 Nc8 14. Nf4 N8e7
15. h3 Bf5 16. Be2 Bg6 17. Rad1 Nb8 18. b4 c6 19. b5 Nd7 20. Nxg6 hxg6 21. g4
Bh4 22. Rb1 Nf8 23. bxc6 bxc6 24. Rb7 Ne6 25. a4 g5 26. Bd3 Rf8 27. Ne2 f5 28.
f4 gxf4 29. Nxf4 Nxf4 30. Bxf4 fxg4 31. hxg4 Qc8 32. Rb3 Qxg4+ 33. Kh1 Ng6 34.
Be2 Qe6 35. Bd6 Rxf1+ 36. Bxf1 Bf6 37. Rg3 Qe4+ 38. Qg2 Qxg2+ 39. Rxg2 Nh4 40.
Rg4 Nf3 41. Ba6 Re8 42. Bb7 Nxd4 43. Kg2 Re2+ 44. Kf1 Rb2 45. Rxd4 Rxb7 46. Rg4
Kf7 47. Ke2 Ke6 48. Kd3 Rb3+ 49. Kc2 Rc3+ 50. Kd2 Rc4 0-1

[Event "PRO League Group Stage"]
[Site "chess.com INT"]
[Date "2019.02.07"]
[Round "5"]
[White "Sai, Krishna G V"]
[Black "Grabinsky, Joshua"]
[Result "0-1"]
[WhiteTitle "IM"]
[BlackTitle "CM"]
[WhiteElo "2409"]
[BlackElo "2078"]
[WhiteTeam "Montreal Chessbrahs"]
[BlackTeam "Webster Windmills"]
[WhiteFideId "5028280"]
[BlackFideId "30919754"]
[EventDate "2019.01.08"]

1. e4 e6 2. d4 d5 3. Nc3 dxe4 4. Nxe4 Nd7 5. Nf3 Ngf6 6. Ng3 b6 7. Bd3 Bb7 8.
O-O Bd6 9. Re1 O-O 10. Ne5 Re8 11. Bg5 h6 12. Bf4 Nf8 13. Qd2 N6h7 14. Bb5 Bxe5
15. Bxe5 Qd5 16. Bf1 c5 17. c4 Qc6 18. Bxg7 Kxg7 19. Nh5+ Kg6 20. Nf4+ Kg7 21.
Nh5+ Kg6 22. Re3 Ng5 23. h4 Kxh5 24. hxg5 hxg5 25. d5 Qd6 26. Bd3 f5 27. g4+ Kg6
28. dxe6 Qf4 29. Bxf5+ Kg7 30. e7 Ng6 31. Rd1 Rxe7 32. Rxe7+ Nxe7 33. Qxf4 gxf4
34. Rd7 Kf6 35. Rxb7 Nxf5 36. gxf5 Kxf5 37. f3 Ke5 38. Rd7 Rg8+ 39. Kf2 Rh8 40.
Kg2 Rg8+ 41. Kf2 a5 42. Rd5+ Ke6 43. Rh5 Rd8 44. Rh6+ Ke5 45. Rxb6 Rd2+ 46. Ke1
Rc2 47. Rb5 Kd4 48. Rxa5 Rxb2 49. Ra4 Rc2 50. Kd1 Rf2 51. Ra3 Kxc4 52. Ra4+ Kd3
53. Ke1 Rxf3 54. Ra3+ Ke4 55. Ra4+ Kd5 56. Ra8 Rh3 57. a4 Ra3 58. a5 Kc4 59. Rf8
f3 60. a6 Kb4 61. Kd2 Ra2+ 62. Kc1 f2 63. a7 c4 64. Rxf2 Rxa7 65. Rf4 Kb3 66.
Rf8 Ra1+ 67. Kd2 c3+ 68. Ke2 Rh1 69. Kd3 Rd1+ 70. Ke2 Rd7 71. Rb8+ Kc2 72. Rc8
Re7+ 73. Kf2 Kd2 74. Rd8+ Kc1 75. Rc8 c2 76. Rc6 Rb7 77. Ke2 Kb1 78. Kd2 Rd7+
79. Ke2 c1=Q 80. Rxc1+ Kxc1 0-1

[Event "PRO League Group Stage"]
[Site "chess.com INT"]
[Date "2019.02.07"]
[Round "5"]
[White "Zhu, Jiner"]
[Black "Dreev, Aleksey"]
[Result "1/2-1/2"]
[WhiteTitle "WIM"]
[BlackTitle "GM"]
[WhiteElo "2424"]
[BlackElo "2670"]
[WhiteTeam "Dallas Destiny"]
[BlackTeam "San Diego Surfers"]
[WhiteFideId "8608059"]
[BlackFideId "4100107"]
[EventDate "2019.01.08"]

1. e4 c6 2. d4 d5 3. e5 Bf5 4. Be3 e6 5. Nd2 Qb6 6. Qc1 Bg6 7. c4 Ne7 8. c5 Qc7
9. f4 h5 10. Ngf3 Nf5 11. Bf2 a5 12. Be2 b6 13. O-O Be7 14. Qc3 bxc5 15. dxc5
Nd7 16. Nb3 a4 17. Nc1 Qa5 18. Qxa5 Rxa5 19. b4 axb3 20. Nxb3 Ra4 21. Nfd4 Nxd4
22. Nxd4 Bxc5 23. Nxc6 Bxf2+ 24. Rxf2 Nc5 25. Bb5 Ra8 26. Nd4+ Kf8 27. a4 Kg8
28. a5 Kh7 29. a6 Ra7 30. Nc6 Rc7 31. a7 Ra8 32. Rb2 Rb7 33. Raa2 Be4 34. Be2
Rxb2 35. Rxb2 d4 36. Nxd4 Rxa7 37. Kf2 Bd5 38. Nb5 Rb7 39. Rc2 Nb3 40. Bd3+ g6
41. Rc7 Rxc7 42. Nxc7 Nc5 43. Nxd5 Nxd3+ 44. Ke3 Ne1 45. Nf6+ Kg7 46. Kf2 Nd3+
47. Ke3 Ne1 48. Kf2 Nd3+ 49. Ke3 Ne1 1/2-1/2

[Event "PRO League Group Stage"]
[Site "chess.com INT"]
[Date "2019.02.07"]
[Round "5"]
[White "Berczes, David"]
[Black "Brown, Michael William"]
[Result "1-0"]
[WhiteTitle "GM"]
[BlackTitle "IM"]
[WhiteElo "2464"]
[BlackElo "2524"]
[WhiteTeam "Dallas Destiny"]
[BlackTeam "San Diego Surfers"]
[WhiteFideId "722960"]
[BlackFideId "2037602"]
[EventDate "2019.01.08"]

1. Nf3 d5 2. g3 Nf6 3. Bg2 Bf5 4. c4 e6 5. O-O c6 6. cxd5 exd5 7. d3 Be7 8. Qb3
Nbd7 9. Qxb7 Nc5 10. Qb4 Nxd3 11. Qc3 Nc5 12. Be3 Nfe4 13. Qxg7 Bf6 14. Qh6 Ne6
15. Nbd2 Bg7 16. Qh4 Bf6 17. Qh5 Bg6 18. Qh3 Bxb2 19. Rae1 Nd6 20. Nh4 Bf6 21.
Rc1 Bxh4 22. Qxh4 Qxh4 23. gxh4 Kd7 24. Nf3 f6 25. Nd4 Nxd4 26. Bxd4 Rhf8 27.
Bc5 Rfe8 28. e3 Be4 29. f3 Bg6 30. e4 Nc4 31. Rfd1 Ke6 32. f4 Bh5 33. Re1 Kf7
34. exd5 Nd2 35. Rxe8 Rxe8 36. dxc6 Nf3+ 37. Kf2 Nxh4 38. Bd5+ Kg6 39. c7 Bg4
40. Rg1 Kh5 41. Rxg4 Kxg4 42. Be6+ 1-0

[Event "PRO League Group Stage"]
[Site "chess.com INT"]
[Date "2019.02.07"]
[Round "5"]
[White "Khachiyan, Melikset"]
[Black "Holt, Conrad"]
[Result "0-1"]
[WhiteTitle "GM"]
[BlackTitle "GM"]
[WhiteElo "2509"]
[BlackElo "2548"]
[WhiteTeam "San Diego Surfers"]
[BlackTeam "Dallas Destiny"]
[WhiteFideId "13300512"]
[BlackFideId "2034387"]
[EventDate "2019.01.08"]

1. e4 e6 2. d4 d5 3. Nd2 c5 4. Ngf3 cxd4 5. Nxd4 Nc6 6. Bb5 Bd7 7. Nxc6 bxc6 8.
Bd3 Qc7 9. Qe2 Bd6 10. Nf3 f6 11. O-O Ne7 12. c4 dxe4 13. Qxe4 e5 14. Qe2 c5 15.
Nd2 f5 16. Qh5+ g6 17. Qh6 e4 18. Bxe4 fxe4 19. Nxe4 Nf5 20. Nxd6+ Qxd6 21. Bf4
Qe7 22. Qg5 Qxg5 23. Bxg5 Kf7 24. Rfe1 Rhe8 25. b3 Nd4 26. f3 Nc2 27. Rxe8 Rxe8
28. Rd1 Nd4 29. Rd2 Re5 30. h4 Re2 31. Rxe2 Nxe2+ 32. Kf2 Nd4 33. Bf4 Ke7 34.
Be5 Bf5 35. Ke3 Bb1 36. Bxd4 cxd4+ 37. Kxd4 Bxa2 38. b4 Kd7 39. b5 Bb3 40. f4 h5
41. c5 Ba4 42. Kc4 Bd1 43. g3 Be2+ 44. Kb4 Kc7 45. Ka5 Kb7 46. c6+ Kc7 47. Ka6
Bd3 48. Ka5 Bf5 49. Ka6 Kb8 50. Ka5 Bc8 51. b6 axb6+ 52. Kxb6 Bf5 53. c7+ Kc8
54. Kc6 Be4+ 55. Kd6 Bc2 56. Kc6 Ba4+ 57. Kd6 Bd7 58. Ke7 Kxc7 59. Kf6 Bf5 60.
g4 hxg4 61. h5 gxh5 0-1

[Event "PRO League Group Stage"]
[Site "chess.com INT"]
[Date "2019.02.07"]
[Round "5"]
[White "Lu, Albert"]
[Black "Xiong, Jeffery"]
[Result "0-1"]
[WhiteTitle "FM"]
[BlackTitle "GM"]
[WhiteElo "2242"]
[BlackElo "2672"]
[WhiteTeam "San Diego Surfers"]
[BlackTeam "Dallas Destiny"]
[WhiteFideId "2057000"]
[BlackFideId "2047640"]
[EventDate "2019.01.08"]

1. d4 Nf6 2. c4 e6 3. Nf3 d5 4. Nc3 dxc4 5. e3 a6 6. a4 c5 7. Bxc4 Nc6 8. O-O
cxd4 9. exd4 Nb4 10. Re1 Be7 11. Ne5 O-O 12. Bg5 Nfd5 13. Bxe7 Nxe7 14. Qb3 Nbc6
15. Nxc6 Nxc6 16. d5 Na5 17. Qb4 Nxc4 18. Qxc4 exd5 19. Qxd5 Qb6 20. a5 Qxb2 21.
Na4 Be6 22. Qe4 Qb5 23. Nb6 Rab8 24. h3 Rfd8 25. Rec1 Qg5 26. Qf3 h6 27. Rd1
Rxd1+ 28. Qxd1 Bxh3 29. Qf3 Be6 30. Qc3 Rd8 31. Qc7 Bd5 32. g3 Bf3 33. Re1 Rf8 0-1

[Event "PRO League Group Stage"]
[Site "chess.com INT"]
[Date "2019.02.07"]
[Round "5"]
[White "Song, Raymond"]
[Black "Corrales Jimenez, Fidel"]
[Result "1/2-1/2"]
[WhiteTitle "FM"]
[BlackTitle "GM"]
[WhiteElo "2329"]
[BlackElo "2559"]
[WhiteTeam "Australia Kangaroos"]
[BlackTeam "Minnesota Blizzard"]
[WhiteFideId "3203824"]
[BlackFideId "3506690"]
[EventDate "2019.01.08"]

1. Nf3 c5 2. c4 Nc6 3. Nc3 g6 4. e3 Nf6 5. d4 cxd4 6. exd4 d5 7. cxd5 Nxd5 8.
Qb3 Nxc3 9. Bc4 e6 10. bxc3 Na5 11. Bb5+ Bd7 12. Qa4 Nc6 13. O-O a6 14. Be2 Rc8
15. Qd1 Qa5 16. c4 Bg7 17. Rb1 Nd8 18. Bd2 Qa4 19. Bb4 Qxd1 20. Rfxd1 Bf8 21.
Ba5 Ba4 22. Re1 Bc2 23. Bxd8 Rxd8 24. Rxb7 Be4 25. Rb6 Bg7 26. Rxa6 O-O 27. c5
Rb8 28. Ne5 Rb2 29. Bc4 Bb7 30. Ra7 Bxe5 31. dxe5 Rc8 32. Bb3 Be4 33. h3 Bc2 34.
Re3 Rxc5 35. Rf3 Bf5 36. g4 Be4 37. Rfxf7 Rc1+ 38. Kh2 Rh1+ 39. Kg3 g5 40. Rf3
Bxf3 41. Kxf3 Rxh3+ 42. Kg2 Re3 43. Bxe6+ Kh8 44. Bf5 Rxe5 45. Rxh7+ Kg8 46. Rh5
Ree2 47. Rxg5+ Kf7 48. Rh5 Rxf2+ 49. Kg3 Rxa2 50. Kh4 Rh2+ 51. Kg5 Rxh5+ 52.
gxh5 Rg2+ 53. Bg4 Kg7 54. Kf4 Kf6 55. Bf3 Rh2 56. Kg3 Rb2 57. Kf4 Rb3 58. Be4
Rh3 59. Bg6 Rh4+ 60. Ke3 Ke5 61. Kd3 Rh3+ 62. Kc4 Rg3 63. Kc5 Rc3+ 64. Kb4 Rc6
65. Kb5 Rf6 66. Kc5 Ke6 67. Kd4 Kd6 68. Ke4 Ke6 69. Kd4 Rf4+ 70. Ke3 Rh4 71. Kf3
Kf6 72. Kg3 Kg5 73. Kf3 Rf4+ 74. Ke3 Rf6 75. Ke4 Re6+ 76. Kd5 Re1 77. Kd6 Kf6
78. Kd5 Re5+ 79. Kd4 Rg5 80. Ke4 Rg4+ 81. Kf3 Rh4 82. Kg3 Kg5 83. Kf3 Rh3+ 84.
Ke4 Kg4 85. Bf5+ Kxh5 86. Bxh3 1/2-1/2